[Event "Unterfranken-ch HA 58th"]
[Site "Wuerzburg"]
[Date "2007.04.13"]
[Round "8"]
[White "Hobert, Markus"]
[Black "Lamprecht, Kilian"]
[Result "1-0"]
[WhiteElo "1646"]
[BlackElo "1624"]
[PlyCount "49"]
[EventDate "2007.04.09"]
[EventType "swiss"]
[EventRounds "9"]
[EventCountry "GER"]
[SourceTitle "EXT 2015"]
[Source "ChessBase"]
[SourceDate "2014.11.20"]
[SourceVersion "1"]
[SourceVersionDate "2014.11.20"]
[SourceQuality "1"]

1. e4 e5 2. Nf3 Nc6 3. Bc4 Bc5 4. 0-0 Nf6 5. d4 Nxd4 6. Nxe5 0-0 7. Be3 Ne6 8. Bxe6 fxe6 9. Bxc5 d6 10. Ba3 dxe5 11. Bxf8 Qxf8 12. Nc3 b6 13. Qe2 a5 14. Rfd1 Ba6 15. Qe3 Re8 16. f3 Qe7 17. a3 Ra8 18. Rd2 h6 19. Rad1 Kh7 20. Qf2 c5 21. Qg3 Qc7 22. Rd6 Re8 23. Qxe5 Qb8 24. Qg3 e5 25. Rxf6 1-0

[Event "Unterfranken-ch HB 57th"]
[Site "Prichsenstadt"]
[Date "2006.04.21"]
[Round "8"]
[White "Heerlein, Gerd"]
[Black "Lamprecht, Kilian"]
[Result "1/2-1/2"]
[WhiteElo "1755"]
[BlackElo "1413"]
[PlyCount "54"]
[EventDate "2006.04.17"]
[EventType "swiss"]
[EventRounds "9"]
[EventCountry "GER"]
[SourceTitle "EXT 2015"]
[Source "ChessBase"]
[SourceDate "2014.11.20"]
[SourceVersion "1"]
[SourceVersionDate "2014.11.20"]
[SourceQuality "1"]

1. Nf3 Nf6 2. g3 e6 3. Bg2 d5 4. d3 Be7 5. 0-0 0-0 6. Nbd2 Nbd7 7. e4 dxe4 8. dxe4 e5 9. Qe2 Re8 10. b3 b6 11. Bb2 Bc5 12. Rad1 a5 13. Nc4 Bd6 14. Nxd6 cxd6 15. Rxd6 Qc7 16. Rfd1 Bb7 17. Ne1 a4 18. R6d2 axb3 19. axb3 Nc5 20. f3 Ra2 21. Bc1 Ba6 22. Qf2 Rc8 23. Qe3 Nfd7 24. Bh3 Bb5 25. b4 Ne6 26. Bxe6 fxe6 27. Qb3 Bc4 1/2-1/2

[Event "Unterfranken-ch HB 57th"]
[Site "Prichsenstadt"]
[Date "2006.04.17"]
[Round "1"]
[White "Pototzky, Daniel"]
[Black "Lamprecht, Kilian"]
[Result "1/2-1/2"]
[WhiteElo "2034"]
[BlackElo "1413"]
[PlyCount "86"]
[EventDate "2006.04.17"]
[EventType "swiss"]
[EventRounds "9"]
[EventCountry "GER"]
[SourceTitle "EXT 2015"]
[Source "ChessBase"]
[SourceDate "2014.11.20"]
[SourceVersion "1"]
[SourceVersionDate "2014.11.20"]
[SourceQuality "1"]

1. e4 e5 2. Nf3 Nc6 3. d4 exd4 4. Bc4 Bc5 5. c3 dxc3 6. Bxf7+ Kxf7 7. Qd5+ Ke8 8. Qxc5 Qe7 9. Qxe7+ Ngxe7 10. Nxc3 Nb4 11. 0-0 d6 12. Bg5 a6 13. Nd4 Rf8 14. f4 h6 15. Bh4 Ng6 16. Bg3 Nd3 17. Nd5 Kd8 18. f5 Nge5 19. Bh4+ Kd7 20. Ne6 Rf7 21. Ndxc7 Rb8 22. Nd5 Nxb2 23. Rac1 Nbc4 24. Rc2 b5 25. Rfc1 Bb7 26. Nef4 Bxd5 27. Nxd5 g5 28. Bg3 Nc6 29. a4 Ne7 30. Nb4 a5 31. axb5 axb4 32. Rxc4 Rxb5 33. Rc7+ Ke8 34. Bxd6 b3 35. Rb1 Ng8 36. Rxf7 Kxf7 37. Kf2 Nf6 38. Kf3 Nd7 39. g4 Kf6 40. Ke3 Ne5 41. Bxe5+ Kxe5 42. Rb2 Rb4 43. h3 Rxe4+ 1/2-1/2

[Event "Unterfranken-ch HB 56th"]
[Site "Stetten"]
[Date "2005.04.02"]
[Round "9"]
[White "Lamprecht, Kilian"]
[Black "Herberich, Martin"]
[Result "1/2-1/2"]
[WhiteElo "1402"]
[BlackElo "1768"]
[PlyCount "51"]
[EventDate "2005.03.28"]
[EventType "swiss"]
[EventRounds "9"]
[EventCountry "GER"]
[SourceTitle "EXT 2015"]
[Source "ChessBase"]
[SourceDate "2014.11.20"]
[SourceVersion "1"]
[SourceVersionDate "2014.11.20"]
[SourceQuality "1"]

1. e4 g6 2. d4 Bg7 3. Nf3 d6 4. c3 Nd7 5. Bf4 c6 6. Bc4 e5 7. dxe5 dxe5 8. Be3 Ngf6 9. Ng5 Rf8 10. Qb3 Qe7 11. f3 h6 12. Nh3 Nb6 13. Nf2 Nxc4 14. Qxc4 Be6 15. Qe2 Nd7 16. a4 f5 17. 0-0 Qf7 18. Rd1 f4 19. Bc1 g5 20. b4 h5 21. Ba3 Rg8 22. Nd2 Bf8 23. b5 c5 24. a5 g4 25. Nf1 gxf3 26. Qxf3 1/2-1/2

[Event "Unterfranken-ch HB 56th"]
[Site "Stetten"]
[Date "2005.03.31"]
[Round "6"]
[White "Lamprecht, Kilian"]
[Black "Pfister, Gerhard"]
[Result "1-0"]
[WhiteElo "1402"]
[BlackElo "1435"]
[PlyCount "93"]
[EventDate "2005.03.28"]
[EventType "swiss"]
[EventRounds "9"]
[EventCountry "GER"]
[SourceTitle "EXT 2015"]
[Source "ChessBase"]
[SourceDate "2014.11.20"]
[SourceVersion "1"]
[SourceVersionDate "2014.11.20"]
[SourceQuality "1"]

1. e4 c5 2. Nf3 a6 3. c3 d5 4. exd5 Qxd5 5. d4 Bg4 6. Be2 cxd4 7. Qxd4 Qxd4 8. cxd4 Nf6 9. Bf4 Nc6 10. Be5 Nd7 11. Nbd2 e6 12. Bg3 Be7 13. 0-0 0-0 14. h3 Bh5 15. Rac1 Rac8 16. Rfd1 Nb4 17. a3 Nd5 18. Nc4 b5 19. Nce5 N7f6 20. Bd3 Rfe8 21. Rc6 Rxc6 22. Nxc6 Bxf3 23. gxf3 Kf8 24. Nxe7 Nxe7 25. Rc1 Ned5 26. Rc6 Ra8 27. Kf1 Kg8 28. Bd6 Kh8 29. Ke2 Ne8 30. Be5 Nef6 31. Bd6 Ne8 32. Be5 Nef6 33. Kf1 Nd7 34. Be4 Nxe5 35. dxe5 g6 36. Rd6 Ra7 37. Bxd5 exd5 38. Rc6 Re7 39. f4 Re6 40. Rd6 Kg7 41. Rxe6 fxe6 42. Ke2 Kf7 43. Kd3 Ke7 44. Kd4 Kd7 45. Kc5 Kc7 46. h4 h6 47. f3 1-0